00814cam a22002411 450000100060000000300080000600500170001400800410003103500190007203500180009104000410010904100080015008200260015810000250018424500390020926000510024830000320029950400200033165000490035194200120040099900170041295201430042927992BD-RjUL20211209051227.01403 t1963 azuab b 001 0 eng d a(BD-RjUL)28073 a(OCoLC)230648 aDLCcODaWUdOCoLCdDLCdBD-RjULbeng aeng00a333.9109791bMAP 19631 aMann, Dean E.98586014aThe politics of water in Arizona / aTucson :bUniversity of Arizona Press,cc1963. axiv, 317 p. :bill.c24 cm. aincludes index. 0aWater resources developmentzArizona.985861 2ddccBK c27992d27992 00102ddc40728NFICaRUCLbRUCLcReadingd1966-07-05easia foundationl0o333.9109791 MAP 1963r2014-03-29 00:00:00tC-1w2014-03-29yBK